Presupuestos (Registro nro. 8347)

Detalles MARC
000 -LEADER
fixed length control field 00586 a2200205 4500
001 - CONTROL NUMBER
control field 63874
005 - DATE AND TIME OF LATEST TRANSACTION
control field 20260407155938.0
008 - FIXED-LENGTH DATA ELEMENTS--GENERAL INFORMATION
fixed length control field 260407a1976 arg spa d
003 - CONTROL NUMBER IDENTIFIER
control field AR-UNSa-BCEJYS
040 ## - CATALOGING SOURCE
Original cataloging agency AR-UNSa-BCEJYS
Language of cataloging spa
Transcribing agency AR-UNSa-BCEJYS
080 ## - UNIVERSAL DECIMAL CLASSIFICATION NUMBER
Universal Decimal Classification number 657.312
Common auxiliary subdivision Tipo de presupuestos
041 ## - LANGUAGE CODE
Language code of text/sound track or separate title spa
100 1# - MAIN ENTRY--PERSONAL NAME
Personal name Porolli, Jorge Horacio
245 10 - TITLE STATEMENT
Title Presupuestos
Name of part/section of a work Enfoque teórico - práctico
264 #1 - PRODUCTION, PUBLICATION, DISTRIBUTION, MANUFACTURE, AND COPYRIGHT NOTICE
Place of production, publication, distribution, manufacture Buenos Aires :
Name of producer, publisher, distributor, manufacturer El Coloquio
Date of production, publication, distribution, manufacture, or copyright notice 1976
300 ## - PHYSICAL DESCRIPTION
Extent 148 p.
Dimensions 22 cm.
590 ## - LOCAL NOTE (RLIN)
Local note niveau_biblio:m niveau_hierar:0
700 1# - ADDED ENTRY--PERSONAL NAME
Personal name Porolli, Libertad N.F. de
942 ## - ADDED ENTRY ELEMENTS (KOHA)
Koha item type
Existencias
Withdrawn status Lost status Damaged status Not for loan Home library Current library Shelving location Date acquired Total checkouts Full call number Barcode Date last seen Price effective from Koha item type
        Biblioteca Prof. Eusebio Cleto del Rey Biblioteca Prof. Eusebio Cleto del Rey   07/04/2026   657.312 P832 L12313 07/04/2026 07/04/2026 Libro
        Biblioteca Prof. Eusebio Cleto del Rey Biblioteca Prof. Eusebio Cleto del Rey   07/04/2026   657.312 P832 L12355 07/04/2026 07/04/2026 Libro